[Event "Asian Continental op 09th"]
[Site "Olongapo City"]
[Date "2010.04.22"]
[Round "2"]
[White "Yang, Kaiqi"]
[Black "Galvan, Jesus"]
[Result "1-0"]
[WhiteElo "2396"]
[BlackElo "2230"]
[PlyCount "97"]
[GameId "1166653033062400"]
[EventDate "2010.04.21"]
[EventType "swiss"]
[EventRounds "9"]
[EventCountry "PHI"]
[SourceTitle "CBM 136 Extra"]
[Source "ChessBase"]
[SourceDate "2010.07.02"]
[SourceVersion "2"]
[SourceVersionDate "2010.07.15"]
[SourceQuality "1"]

1. e4 c6 2. d4 d6 3. Nc3 Qc7 4. Nf3 e5 5. a4 a5 6. h3 Be7 7. Bc4 Nf6 8. O-O O-O 9. Re1 Na6 10. b3 Nb4 11. Bb2 Nd7 12. Bf1 Re8 13. Ne2 Bf6 14. Ng3 g6 15. Qd2 Nf8 16. Rad1 Ne6 17. c3 Na6 18. Ba3 c5 19. dxe5 dxe5 20. Qd6 Qxd6 21. Rxd6 Be7 22. Rd2 f6 23. Bc4 Kg7 24. Nf1 Nac7 25. Ne3 Nf4 26. Red1 b6 27. h4 Kf8 28. g3 Nfe6 29. Nd5 Rb8 30. Nh2 Ba6 31. Ng4 Bxc4 32. bxc4 Kf7 33. Rb2 Na8 34. Nge3 Bd8 35. Kg2 h5 36. f4 exf4 37. gxf4 Rg8 38. Kf3 g5 39. f5 Nf4 40. hxg5 fxg5 41. e5 Re8 42. Nxf4 gxf4 43. e6+ Kf6 44. Kxf4 Nc7 45. Bxc5 Nxe6+ 46. fxe6 Kxe6 47. Bd4 Rf8+ 48. Ke4 Be7 49. Nd5 1-0

[Event "Ho Chi Minh City HD Bank op 3rd"]
[Site "Ho Chi Minh City"]
[Date "2013.03.23"]
[Round "8"]
[White "Antonio, Rogelio Jr"]
[Black "Yang, Kaiqi"]
[Result "1-0"]
[WhiteElo "2541"]
[BlackElo "2373"]
[PlyCount "91"]
[GameId "1166656691302400"]
[EventDate "2013.03.19"]
[EventType "swiss"]
[EventRounds "9"]
[EventCountry "VIE"]
[SourceTitle "CBM 153 Extra"]
[Source "ChessBase"]
[SourceDate "2013.04.22"]
[SourceVersion "1"]
[SourceVersionDate "2013.04.22"]
[SourceQuality "1"]

1. e4 e5 2. Nf3 Nc6 3. Bb5 f5 4. d3 fxe4 5. dxe4 Nf6 6. O-O Bc5 7. Bxc6 bxc6 8. Nxe5 O-O 9. Nc3 d6 10. Nd3 Bd4 11. Ne2 Bb6 12. Bg5 Qe8 13. Bxf6 Rxf6 14. Ng3 Ba6 15. a4 Qf7 16. Nf5 Bxd3 17. cxd3 a5 18. Qc2 d5 19. Kh1 Re8 20. f3 Qe6 21. Rac1 h5 22. Qc3 g6 23. Nd4 Qe5 24. Nxc6 Qxc3 25. Rxc3 dxe4 26. dxe4 Rxe4 27. Rc2 Rxa4 28. Ne7+ Kf7 29. Nd5 Rf5 30. Nc3 Rb4 31. Re1 Bd4 32. Ne4 Rxb2 33. Rxc7+ Kg8 34. Rd7 Bg7 35. Rc1 Rb8 36. Ra7 Rfb5 37. g3 R8b7 38. Ra6 Kh7 39. Rcc6 Rb1+ 40. Kg2 R7b2+ 41. Kh3 Rh1 42. Ng5+ Kh8 43. Rc8+ Bf8 44. Rxf8+ Kg7 45. Ne6+ Kh7 46. Ra7+ 1-0

[Event "World op 45th"]
[Site "Philadelphia"]
[Date "2017.07.03"]
[Round "7"]
[White "Sadorra, Julio Catalino"]
[Black "Yang, Kaiqi"]
[Result "1-0"]
[WhiteElo "2585"]
[BlackElo "2415"]
[PlyCount "99"]
[GameId "1163838778568704"]
[EventDate "2017.06.29"]
[EventType "swiss"]
[EventRounds "9"]
[EventCountry "USA"]
[SourceTitle "CBM 179"]
[Source "ChessBase"]
[SourceDate "2017.07.12"]
[SourceVersion "1"]
[SourceVersionDate "2017.07.12"]
[SourceQuality "1"]

1. d4 Nf6 2. c4 e6 3. Nf3 d5 4. Nc3 c5 5. cxd5 Nxd5 6. e4 Nxc3 7. bxc3 cxd4 8. cxd4 Bb4+ 9. Bd2 Bxd2+ 10. Qxd2 O-O 11. Bc4 Nd7 12. O-O b6 13. a4 Bb7 14. Bd3 Nf6 15. Qe3 Rc8 16. Ra3 Qe7 17. Rfa1 Qb4 18. h3 a5 19. e5 Nd5 20. Bxh7+ Kxh7 21. Ng5+ Kg8 22. Qe4 Nf6 23. Qh4 Rc1+ 24. Rxc1 Qxa3 25. Rc7 Qd3 26. exf6 Bd5 27. Rc3 Qb1+ 28. Kh2 gxf6 29. Rg3 fxg5 30. Qxg5+ Qg6 31. Qf6 Qxg3+ 32. Kxg3 b5 33. axb5 a4 34. Qe7 Rc8 35. b6 Rc3+ 36. Kf4 Rb3 37. Qe8+ Kg7 38. Qxa4 Rxb6 39. f3 Rb2 40. Kg3 Ra2 41. Qb4 Kg6 42. h4 Kg7 43. Qe7 Ra8 44. Kf4 Rh8 45. Qg5+ Kh7 46. Qf6 Kg8 47. g4 Rh7 48. h5 Rg7 49. g5 Rh7 50. Qd8+ 1-0

[Event "Novi Sad TS 74th"]
[Site "Novi Sad"]
[Date "2018.04.03"]
[Round "1"]
[White "Yang, Kaiqi"]
[Black "Lundin, Jan"]
[Result "1/2-1/2"]
[WhiteElo "2465"]
[BlackElo "2277"]
[PlyCount "114"]
[GameId "1256197281329152"]
[EventDate "2018.04.03"]
[EventType "swiss"]
[EventRounds "9"]
[EventCountry "SRB"]
[SourceTitle "EXT 2019"]
[Source "ChessBase"]
[SourceDate "2018.10.10"]
[SourceVersion "1"]
[SourceVersionDate "2018.10.10"]
[SourceQuality "1"]

1. c4 e5 2. Nc3 Nc6 3. Nf3 Nf6 4. g3 g6 5. d4 exd4 6. Nxd4 Bg7 7. Nxc6 bxc6 8. Bg2 O-O 9. O-O a5 10. Rb1 Bb7 11. e4 d6 12. Bg5 h6 13. Be3 Re8 14. Re1 Nd7 15. f4 c5 16. Bf2 Nb6 17. Qd3 a4 18. Nb5 Qb8 19. Nc3 Ra5 20. Nd5 Nxd5 21. exd5 Ra8 22. b3 axb3 23. Qxb3 Ba6 24. Bh3 Rxe1+ 25. Rxe1 Qb4 26. Bf1 Rb8 27. Rb1 Rb7 28. Qxb4 cxb4 29. Rb3 Kf8 30. a3 Bc3 31. c5 Bxf1 32. Kxf1 bxa3 33. Rxa3 Rb1+ 34. Kg2 Be1 35. Bd4 dxc5 36. Bxc5+ Ke8 37. Ra8+ Kd7 38. Rf8 f5 39. Rf7+ Kc8 40. Rf6 Rb5 41. Bf8 Rxd5 42. Rxg6 Kd7 43. Rxh6 c5 44. Rh7+ Kc6 45. Re7 Bd2 46. Re6+ Kd7 47. Re7+ Kc6 48. Re6+ Kd7 49. Re5 Rxe5 50. fxe5 c4 51. Kf3 Ke6 52. Bd6 Bc3 53. Ke3 Bxe5 54. Bxe5 Kxe5 55. h4 c3 56. Kd3 f4 57. gxf4+ Kxf4 1/2-1/2

[Event "Novi Sad TS 74th"]
[Site "Novi Sad"]
[Date "2018.04.04"]
[Round "2"]
[White "Pastar, Slaven"]
[Black "Yang, Kaiqi"]
[Result "1-0"]
[WhiteElo "2252"]
[BlackElo "2465"]
[PlyCount "115"]
[GameId "1256197281378304"]
[EventDate "2018.04.03"]
[EventType "swiss"]
[EventRounds "9"]
[EventCountry "SRB"]
[SourceTitle "EXT 2019"]
[Source "ChessBase"]
[SourceDate "2018.10.10"]
[SourceVersion "1"]
[SourceVersionDate "2018.10.10"]
[SourceQuality "1"]

1. e4 e5 2. Nf3 Nc6 3. d4 exd4 4. Nxd4 Bc5 5. Be3 Qf6 6. Nb5 Bxe3 7. fxe3 Qh4+ 8. g3 Qd8 9. Qg4 g5 10. N1c3 d6 11. Qe2 Ne5 12. h3 c6 13. Nd4 Qe7 14. O-O-O Be6 15. Nf5 Bxf5 16. exf5 O-O-O 17. e4 Kb8 18. Qe3 h6 19. Rh2 Nf6 20. Rhd2 Rd7 21. b3 Re8 22. Rd4 Qd8 23. Bg2 Qa5 24. Kb2 Red8 25. h4 Neg4 26. Qd2 Qe5 27. hxg5 hxg5 28. Qxg5 Qxg3 29. e5 Rg8 30. Qd2 Nxe5 31. Rxd6 Kc7 32. Ne4 Qxg2 33. Qa5+ Kc8 34. Nxf6 Rxd6 35. Rxd6 Qg3 36. Nxg8 Nc4+ 37. bxc4 Qxd6 38. Qc3 Qc5 39. a3 Kc7 40. f6 b5 41. cxb5 Qxb5+ 42. Ka2 a5 43. Ne7 a4 44. Qd4 Qe2 45. Qa7+ Kd6 46. Qd4+ Kc7 47. Qf4+ Kd7 48. Qf5+ Kd6 49. Qd3+ Qxd3 50. cxd3 Ke6 51. Nxc6 Kxf6 52. Kb2 Ke6 53. Kc3 f6 54. Kc4 f5 55. Nd4+ Kf6 56. Nxf5 Kxf5 57. Kb5 Ke5 58. Kxa4 1-0

[Event "Novi Sad TS 74th"]
[Site "Novi Sad"]
[Date "2018.04.04"]
[Round "3"]
[White "Yang, Kaiqi"]
[Black "Michalicka, Milan"]
[Result "1/2-1/2"]
[WhiteElo "2465"]
[BlackElo "2172"]
[PlyCount "99"]
[GameId "1256197281456128"]
[EventDate "2018.04.03"]
[EventType "swiss"]
[EventRounds "9"]
[EventCountry "SRB"]
[SourceTitle "EXT 2019"]
[Source "ChessBase"]
[SourceDate "2018.10.10"]
[SourceVersion "1"]
[SourceVersionDate "2018.10.10"]
[SourceQuality "1"]

1. c4 g6 2. g3 Bg7 3. Bg2 c5 4. Nf3 Nc6 5. Nc3 e5 6. O-O Nge7 7. Ne1 O-O 8. Nc2 Rb8 9. a3 d6 10. b4 Nd4 11. Rb1 Be6 12. d3 Nxc2 13. Qxc2 Qd7 14. Qa4 Qxa4 15. Nxa4 b6 16. Nc3 Rfd8 17. Bg5 f6 18. Bd2 Bf8 19. bxc5 dxc5 20. Rb2 f5 21. Bg5 e4 22. dxe4 fxe4 23. Bxe4 Bxc4 24. Rc1 Be6 25. Bf4 Rbc8 26. Bb7 Nc6 27. Nb5 Bg7 28. Bxc8 Bxc8 29. Rd2 Rxd2 30. Bxd2 a6 31. Nd6 Be6 32. Bc3 Nd4 33. Bxd4 Bxd4 34. a4 Be5 35. Rb1 c4 36. Rxb6 c3 37. Rc6 Bb3 38. Nb5 axb5 39. axb5 c2 40. b6 Kf7 41. b7 Ke7 42. f4 Bb8 43. Kf1 Kd7 44. Rc3 Ba7 45. e4 Ba4 46. Ke2 Bc6 47. e5 Be4 48. Kd2 Bxb7 49. Rxc2 Bg1 50. Kd3 1/2-1/2

[Event "Novi Sad TS 74th"]
[Site "Novi Sad"]
[Date "2018.04.05"]
[Round "4"]
[White "Hasman, Cengiz"]
[Black "Yang, Kaiqi"]
[Result "1/2-1/2"]
[WhiteElo "2152"]
[BlackElo "2465"]
[PlyCount "56"]
[GameId "1256197281505280"]
[EventDate "2018.04.03"]
[EventType "swiss"]
[EventRounds "9"]
[EventCountry "SRB"]
[SourceTitle "EXT 2019"]
[Source "ChessBase"]
[SourceDate "2018.10.10"]
[SourceVersion "1"]
[SourceVersionDate "2018.10.10"]
[SourceQuality "1"]

1. d4 Nf6 2. c4 e6 3. Nc3 Bb4 4. Qc2 O-O 5. a3 Bxc3+ 6. Qxc3 d5 7. Nf3 dxc4 8. Qxc4 b6 9. Bg5 Ba6 10. Qa4 Qd7 11. Qxd7 Nbxd7 12. Bxf6 gxf6 13. e3 Bxf1 14. Rxf1 c5 15. Rc1 Rfc8 16. Ke2 c4 17. Nd2 b5 18. b3 cxb3 19. Nxb3 Kf8 20. Na5 Ke7 21. e4 Nb6 22. Kd2 Kd7 23. Rxc8 Rxc8 24. Rc1 Rxc1 25. Kxc1 f5 26. f3 fxe4 27. fxe4 f5 28. exf5 exf5 1/2-1/2

[Event "Novi Sad TS 74th"]
[Site "Novi Sad"]
[Date "2018.04.05"]
[Round "5"]
[White "Tosic, Miroslav"]
[Black "Yang, Kaiqi"]
[Result "0-1"]
[WhiteElo "2412"]
[BlackElo "2465"]
[PlyCount "55"]
[GameId "1256197281538048"]
[EventDate "2018.04.03"]
[EventType "swiss"]
[EventRounds "9"]
[EventCountry "SRB"]
[SourceTitle "EXT 2019"]
[Source "ChessBase"]
[SourceDate "2018.10.10"]
[SourceVersion "1"]
[SourceVersionDate "2018.10.10"]
[SourceQuality "1"]

1. d4 Nf6 2. c3 b6 3. Nf3 Bb7 4. Bf4 g6 5. e3 Bg7 6. Nbd2 d6 7. h3 O-O 8. Be2 c5 9. O-O Nc6 10. Re1 cxd4 11. cxd4 Rc8 12. Qa4 Qd7 13. Bb5 a6 14. Bxc6 Rxc6 15. Rad1 Rfc8 16. Nb1 b5 17. Qb3 R6c7 18. Nbd2 Qf5 19. a4 Rc2 20. Bg3 Bxf3 21. Nxf3 Ne4 22. axb5 Qxb5 23. Qxb5 axb5 24. Rb1 Bh6 25. h4 Ra8 26. Kf1 Ra2 27. Re2 Rxe2 28. Kxe2 0-1

[Event "Novi Sad TS 74th"]
[Site "Novi Sad"]
[Date "2018.04.06"]
[Round "6"]
[White "Yang, Kaiqi"]
[Black "Dobrov, Vladimir"]
[Result "1-0"]
[WhiteElo "2465"]
[BlackElo "2515"]
[PlyCount "61"]
[GameId "1256197281579008"]
[EventDate "2018.04.03"]
[EventType "swiss"]
[EventRounds "9"]
[EventCountry "SRB"]
[SourceTitle "EXT 2019"]
[Source "ChessBase"]
[SourceDate "2018.10.10"]
[SourceVersion "1"]
[SourceVersionDate "2018.10.10"]
[SourceQuality "1"]

1. Nf3 d5 2. g3 g6 3. Bg2 Bg7 4. d4 Nf6 5. c4 O-O 6. cxd5 Nxd5 7. O-O Nc6 8. Nc3 Nb6 9. e3 a5 10. Qe2 a4 11. Rd1 Be6 12. Nd2 f5 13. Rb1 Bf7 14. b3 axb3 15. Nxb3 Nd5 16. Bd2 Ncb4 17. Nxd5 Nxd5 18. Na5 b6 19. Nc6 Qd6 20. Qb5 Bf6 21. a4 e6 22. Rdc1 Rfc8 23. a5 bxa5 24. Bxa5 Be8 25. Qb7 Kg7 26. Rc5 Bd7 27. Bb4 Kh6 28. h4 g5 29. hxg5+ Kxg5 30. e4 fxe4 31. Bxe4 1-0

[Event "Novi Sad TS 74th"]
[Site "Novi Sad"]
[Date "2018.04.06"]
[Round "7"]
[White "Rogac, Srdjan"]
[Black "Yang, Kaiqi"]
[Result "1/2-1/2"]
[WhiteElo "2331"]
[BlackElo "2465"]
[PlyCount "179"]
[GameId "1256197281611776"]
[EventDate "2018.04.03"]
[EventType "swiss"]
[EventRounds "9"]
[EventCountry "SRB"]
[SourceTitle "EXT 2019"]
[Source "ChessBase"]
[SourceDate "2018.10.10"]
[SourceVersion "1"]
[SourceVersionDate "2018.10.10"]
[SourceQuality "1"]

1. Nf3 c5 2. e4 d6 3. Bb5+ Nd7 4. c3 Ngf6 5. Qe2 a6 6. Ba4 b5 7. Bc2 Bb7 8. a4 e5 9. d3 Be7 10. Nbd2 O-O 11. Nf1 Re8 12. Ng3 Bf8 13. Bg5 h6 14. Bd2 d5 15. O-O g6 16. Rfe1 Bg7 17. h4 h5 18. Ng5 Qc7 19. exd5 Bxd5 20. axb5 axb5 21. c4 bxc4 22. dxc4 Rxa1 23. Rxa1 Bc6 24. N3e4 Nxe4 25. Bxe4 Bxe4 26. Nxe4 Nf6 27. Ra5 Nxe4 28. Qxe4 Qd8 29. Bc3 Qd1+ 30. Kh2 Qf1 31. f3 Qf2 32. Ra8 Rxa8 33. Qxa8+ Kh7 34. Qe4 f5 35. Qe1 Qxe1 36. Bxe1 Bf8 37. g3 Kg7 38. Kg2 Kf6 39. Kf2 Ke6 40. Ke2 f4 41. gxf4 exf4 42. b3 Be7 43. Kf1 Ke5 44. Bc3+ Kf5 45. Be1 Ke5 46. Bc3+ Kf5 47. Be1 Bf6 48. Kg2 Ke6 49. Kh3 Be7 50. Bd2 Bd6 51. Kg2 Kd7 52. Kh3 Kc6 53. Be1 Be5 54. Kg2 Bf6 55. Kh3 Bd4 56. Bd2 Be3 57. Be1 Kd6 58. Bc3 Bf2 59. Bd2 Ke5 60. Bc3+ Bd4 61. Bd2 Bb2 62. b4 cxb4 63. Bxb4 Bd4 64. Bf8 Be3 65. c5 Kd5 66. Bd6 Bxc5 67. Bxf4 Bf2 68. Bb8 Kc4 69. Bc7 Kd3 70. Bd8 Ke2 71. Kg2 Be1 72. Be7 Ba5 73. Bg5 Bc7 74. Be7 Bf4 75. Bd8 Ke3 76. Bb6+ Kd3 77. Bd8 Kd4 78. Kh3 Ke5 79. Bb6 Kf5 80. Bf2 Be5 81. Be3 Bf6 82. Bd2 Bd8 83. Be3 Ke5 84. Bf2 Kf4 85. Kg2 Be7 86. Bg3+ Ke3 87. Bf2+ Ke2 88. Bg3 Bf6 89. Bf2 Be5 90. Bb6 1/2-1/2

[Event "Novi Sad TS 74th"]
[Site "Novi Sad"]
[Date "2018.04.07"]
[Round "8"]
[White "Yang, Kaiqi"]
[Black "Fenil, Shah"]
[Result "1/2-1/2"]
[WhiteElo "2465"]
[BlackElo "2376"]
[PlyCount "46"]
[GameId "1256197281652736"]
[EventDate "2018.04.03"]
[EventType "swiss"]
[EventRounds "9"]
[EventCountry "SRB"]
[SourceTitle "EXT 2019"]
[Source "ChessBase"]
[SourceDate "2018.10.10"]
[SourceVersion "1"]
[SourceVersionDate "2018.10.10"]
[SourceQuality "1"]

1. Nf3 d5 2. g3 Nf6 3. Bg2 c6 4. O-O Bg4 5. h3 Bh5 6. d3 Nbd7 7. Qe1 e5 8. e4 dxe4 9. dxe4 Bc5 10. Nbd2 O-O 11. Nb3 Bb6 12. a4 a5 13. Nh4 Re8 14. Bg5 Qc7 15. Kh1 Re6 16. Nf5 Bg6 17. g4 h6 18. Bd2 Nc5 19. Ra3 Nfd7 20. Qc1 Bxf5 21. gxf5 Rd6 22. Nxc5 Bxc5 23. Rg3 Kh7 1/2-1/2

[Event "Novi Sad TS 74th"]
[Site "Novi Sad"]
[Date "2018.04.08"]
[Round "9"]
[White "Minko, Vladimir"]
[Black "Yang, Kaiqi"]
[Result "0-1"]
[WhiteElo "2381"]
[BlackElo "2465"]
[PlyCount "72"]
[GameId "1256197281689600"]
[EventDate "2018.04.03"]
[EventType "swiss"]
[EventRounds "9"]
[EventCountry "SRB"]
[SourceTitle "EXT 2019"]
[Source "ChessBase"]
[SourceDate "2018.10.10"]
[SourceVersion "1"]
[SourceVersionDate "2018.10.10"]
[SourceQuality "1"]

1. d4 Nf6 2. c4 e6 3. Nc3 Bb4 4. e3 O-O 5. Bd3 d5 6. Nge2 b6 7. O-O Bb7 8. Qc2 Nbd7 9. Rd1 c5 10. a3 Bxc3 11. Nxc3 cxd4 12. exd4 dxc4 13. Bxc4 Qc7 14. Be2 Rac8 15. Qd3 Nd5 16. Nb5 Qb8 17. Bf1 a6 18. Nc3 N7f6 19. Nxd5 Nxd5 20. Qh3 Qd6 21. Bd3 f5 22. Qh4 Rf6 23. Be2 Rg6 24. Bf3 f4 25. Bxf4 Nxf4 26. Bxb7 Rc2 27. Be4 Rh6 28. Qg4 Ne2+ 29. Kf1 Rxb2 30. d5 Rxh2 31. g3 Nc3 32. dxe6 Rbxf2+ 33. Ke1 Re2+ 34. Kf1 Nxd1 35. e7 Rhf2+ 36. Kg1 Re1# 0-1

[Event "Titled Tuesday intern op 3rd April"]
[Site "Chess.com INT"]
[Date "2018.04.03"]
[Round "4"]
[White "Schut, Han"]
[Black "Yang, Kaiqi"]
[Result "1/2-1/2"]
[WhiteElo "2173"]
[BlackElo "2465"]
[PlyCount "26"]
[GameId "1515677718777856"]
[EventDate "2018.04.03"]
[EventType "swiss (blitz)"]
[EventRounds "10"]
[EventCountry "USA"]
[SourceTitle "EXT 2021"]
[Source "ChessBase"]
[SourceDate "2020.10.23"]
[SourceVersion "1"]
[SourceVersionDate "2020.10.23"]
[SourceQuality "1"]

1. e4 e5 2. Nf3 Nc6 3. Bc4 Bc5 4. b4 Bxb4 5. c3 Be7 6. d4 Na5 7. Be2 exd4 8. Qxd4 d5 9. exd5 Bf6 10. Qa4+ c6 11. dxc6 Nxc6 12. O-O Nge7 13. Rd1 Qa5 1/2-1/2

[Event "North American Blitz op 30th"]
[Site "ICC INT"]
[Date "2020.12.31"]
[Round "1"]
[White "Yang, Kaiqi"]
[Black "Das, Manmohan"]
[Result "1/2-1/2"]
[WhiteElo "2481"]
[BlackElo "1743"]
[PlyCount "106"]
[GameId "1600988016766976"]
[EventDate "2020.12.31"]
[EventType "swiss (blitz)"]
[EventRounds "11"]
[EventCountry "USA"]
[SourceTitle "CBM 200 Extra"]
[Source "ChessBase"]
[SourceDate "2021.03.31"]
[SourceVersion "1"]
[SourceVersionDate "2021.03.31"]
[SourceQuality "1"]

1. d4 d5 2. Bf4 c6 3. e3 Nf6 4. Nd2 Qb6 5. Rb1 Bf5 6. Ngf3 e6 7. Nh4 Bg6 8. Nxg6 hxg6 9. h3 c5 10. c3 Nc6 11. Be2 Be7 12. O-O O-O 13. dxc5 Qxc5 14. c4 Rfd8 15. Qc1 Rac8 16. cxd5 Qxc1 17. Rbxc1 Nxd5 18. Bg3 Nxe3 19. fxe3 Rxd2 20. Bc4 Rxb2 21. Bb3 Rd2 22. Rc4 Rcd8 23. Be1 R2d3 24. Re4 Bc5 25. Rf3 Ne7 26. Bc2 R3d7 27. Bh4 Rc8 28. Bb3 Nf5 29. Bf2 Rcd8 30. g4 Nd6 31. Re5 Bb6 32. Kg2 Rc8 33. Rxe6 Nc4 34. Re4 Nd2 35. Ref4 Nxf3 36. Kxf3 Rcd8 37. h4 Bc7 38. Re4 Rd2 39. Re7 R2d7 40. Re4 Kf8 41. Be1 a6 42. h5 gxh5 43. gxh5 Bd6 44. Bc3 Be7 45. Rg4 Bf6 46. Bb4+ Kg8 47. h6 Kh7 48. hxg7 Bxg7 49. Rh4+ Kg8 50. Rg4 Kh7 51. Rh4+ Kg8 52. Rg4 Kh7 53. Bc2+ Kg8 1/2-1/2

[Event "North American Blitz op 30th"]
[Site "ICC INT"]
[Date "2020.12.31"]
[Round "2"]
[White "Amburgy, Ryan"]
[Black "Yang, Kaiqi"]
[Result "1/2-1/2"]
[WhiteElo "1989"]
[BlackElo "2481"]
[PlyCount "163"]
[GameId "1600988016873472"]
[EventDate "2020.12.31"]
[EventType "swiss (blitz)"]
[EventRounds "11"]
[EventCountry "USA"]
[SourceTitle "CBM 200 Extra"]
[Source "ChessBase"]
[SourceDate "2021.03.31"]
[SourceVersion "1"]
[SourceVersionDate "2021.03.31"]
[SourceQuality "1"]

1. d4 e6 2. Nc3 f5 3. e4 Bb4 4. exf5 exf5 5. Bd3 d6 6. Nf3 Nf6 7. O-O Bxc3 8. Qe2+ Qe7 9. Qxe7+ Kxe7 10. bxc3 Re8 11. Bg5 Kf7 12. Bxf6 Kxf6 13. Rfe1 Bd7 14. h4 Nc6 15. Kf1 h6 16. Rxe8 Rxe8 17. Rb1 b6 18. Bb5 Re7 19. Bc4 Na5 20. Bd5 Bc8 21. Nd2 Ba6+ 22. Kg1 Re2 23. Rd1 g5 24. hxg5+ hxg5 25. Bf3 Re7 26. g4 Nc4 27. Nf1 f4 28. Kg2 Na3 29. Rc1 Nb5 30. Nd2 Nxc3 31. Rh1 d5 32. Nb1 Nxb1 33. Rxb1 Bc4 34. a3 a5 35. Rh1 Kg6 36. Rh8 Kg7 37. Rd8 Kf6 38. Bxd5 Bxd5+ 39. Rxd5 Re6 40. c4 Rd6 41. Rf5+ Kg6 42. d5 c6 43. Kf3 cxd5 44. cxd5 b5 45. Ke4 b4 46. axb4 axb4 47. Kd3 b3 48. Re5 Rb6 49. Re6+ Rxe6 50. dxe6 Kf6 51. Kc3 Kxe6 52. Kxb3 Kd5 53. Kc3 Ke4 54. Kd2 Kf3 55. Ke1 Kxg4 56. Ke2 Kf5 57. f3 Ke5 58. Kd3 Kd5 59. Kc3 Kc5 60. Kd3 Kd5 61. Kc3 Ke5 62. Kd3 Kf5 63. Ke2 Kg6 64. Kf2 Kh5 65. Kg2 Kh6 66. Kf2 Kg7 67. Ke2 Kf7 68. Kd3 Kg6 69. Ke2 Kh5 70. Kf2 Kh4 71. Kg2 Kh5 72. Kf2 Kg6 73. Ke2 Kf7 74. Kd3 Ke7 75. Kd2 Kd6 76. Ke2 Ke6 77. Kd2 Kd6 78. Ke2 Kc5 79. Kd3 Kd5 80. Kc3 Kc5 81. Kd3 Kd6 82. Ke2 1/2-1/2

[Event "North American Blitz op 30th"]
[Site "ICC INT"]
[Date "2020.12.31"]
[Round "3"]
[White "Yang, Kaiqi"]
[Black "Shawkat, Saif"]
[Result "1-0"]
[WhiteElo "2481"]
[BlackElo "1934"]
[PlyCount "115"]
[GameId "1600988016971776"]
[EventDate "2020.12.31"]
[EventType "swiss (blitz)"]
[EventRounds "11"]
[EventCountry "USA"]
[SourceTitle "CBM 200 Extra"]
[Source "ChessBase"]
[SourceDate "2021.03.31"]
[SourceVersion "1"]
[SourceVersionDate "2021.03.31"]
[SourceQuality "1"]

1. d4 Nf6 2. Nf3 g6 3. c4 Bg7 4. Nc3 d5 5. h4 h5 6. Bg5 c5 7. e3 cxd4 8. exd4 O-O 9. Bxf6 Bxf6 10. Nxd5 Bg7 11. Ne3 Nc6 12. d5 Ne5 13. Nxe5 Bxe5 14. Qd2 b5 15. cxb5 a6 16. bxa6 Bxa6 17. Bxa6 Rxa6 18. O-O e6 19. g3 exd5 20. Qxd5 Qxd5 21. Nxd5 Bxb2 22. Rab1 Bd4 23. Rfd1 Bg7 24. Nb4 Ra4 25. Rd3 Rb8 26. Rdb3 Bf8 27. Nd5 Rba8 28. Nc3 Ra3 29. Rxa3 Rxa3 30. Rb3 Ra5 31. Rb8 Ra3 32. Rc8 Kg7 33. Rc4 Be7 34. Nd5 Bf6 35. Nxf6 Kxf6 36. Rc2 Ke5 37. Kf1 Kd4 38. Ke2 f6 39. Rd2+ Kc4 40. Kf1 g5 41. Rd6 Rxa2 42. Rxf6 gxh4 43. Rf4+ Kd3 44. Rxh4 Ra5 45. Kg2 Ke2 46. Re4+ Kd3 47. Re8 Kd4 48. Kh3 Rf5 49. f4 Kd5 50. Kh4 Kd6 51. Re5 Rxe5 52. fxe5+ Kxe5 53. Kxh5 Kf6 54. g4 Kf7 55. Kh6 Kg8 56. g5 Kh8 57. g6 Kg8 58. g7 1-0

[Event "North American Blitz op 30th"]
[Site "ICC INT"]
[Date "2020.12.31"]
[Round "4"]
[White "Yan, Rui Yang"]
[Black "Yang, Kaiqi"]
[Result "0-1"]
[WhiteElo "2093"]
[BlackElo "2481"]
[PlyCount "82"]
[GameId "1600988017061888"]
[EventDate "2020.12.31"]
[EventType "swiss (blitz)"]
[EventRounds "11"]
[EventCountry "USA"]
[SourceTitle "CBM 200 Extra"]
[Source "ChessBase"]
[SourceDate "2021.03.31"]
[SourceVersion "1"]
[SourceVersionDate "2021.03.31"]
[SourceQuality "1"]

1. e4 d6 2. d4 Nf6 3. Nc3 e5 4. dxe5 dxe5 5. Qxd8+ Kxd8 6. Bg5 Be6 7. O-O-O+ Nbd7 8. f4 exf4 9. e5 h6 10. Bxf4 Ng4 11. Bg3 Ne3 12. Re1 Nxf1 13. Rxf1 Bb4 14. Nge2 Ke7 15. Rd1 Bxc3 16. Nxc3 Nb6 17. b3 Rad8 18. Ne4 Bd5 19. Rhe1 Bxe4 20. Rxe4 Rxd1+ 21. Kxd1 Rd8+ 22. Kc1 Ke6 23. c4 a6 24. Kc2 Rd7 25. Re2 Nc8 26. Kc3 Ne7 27. b4 Nf5 28. Bf2 h5 29. h3 Rd1 30. g4 hxg4 31. hxg4 Ne7 32. Kc2 Ra1 33. Kb2 Rf1 34. a3 Nc6 35. Kc3 Nxe5 36. Bd4 Rf3+ 37. Kb2 f6 38. g5 Kf5 39. Bxe5 fxe5 40. Rd2 Ke6 41. Rh2 Rg3 0-1

[Event "North American Blitz op 30th"]
[Site "ICC INT"]
[Date "2020.12.31"]
[Round "5"]
[White "Yang, Kaiqi"]
[Black "Li, Eric"]
[Result "1-0"]
[WhiteElo "2481"]
[BlackElo "2306"]
[PlyCount "113"]
[GameId "1600988017192960"]
[EventDate "2020.12.31"]
[EventType "swiss (blitz)"]
[EventRounds "11"]
[EventCountry "USA"]
[SourceTitle "CBM 200 Extra"]
[Source "ChessBase"]
[SourceDate "2021.03.31"]
[SourceVersion "1"]
[SourceVersionDate "2021.03.31"]
[SourceQuality "1"]

1. d4 Nf6 2. Nf3 d5 3. e3 c5 4. b3 cxd4 5. Nxd4 e5 6. Nf3 Bd6 7. Bb2 Qe7 8. Nc3 Be6 9. Nb5 Nc6 10. Nxd6+ Qxd6 11. Be2 O-O 12. O-O Rfd8 13. h3 h6 14. Rc1 Rac8 15. c4 dxc4 16. Qxd6 Rxd6 17. Bxc4 Bxc4 18. Rxc4 Re8 19. Rfc1 Nd7 20. Kf1 f6 21. Ke2 Kf7 22. Nd2 Ke6 23. Ne4 Rd5 24. g4 h5 25. Ba3 hxg4 26. hxg4 Ra5 27. Rxc6+ bxc6 28. Rxc6+ Kf7 29. Nd6+ Kf8 30. Nc4+ Rxa3 31. Nxa3 Ke7 32. Ra6 Ra8 33. Nb5 Rc8 34. Rxa7 Rc5 35. a4 Rc2+ 36. Kf3 Ke6 37. Ra6+ Ke7 38. Ra7 Ke6 39. Nc7+ Kd6 40. Ne8+ Ke7 41. Nxg7 Rb2 42. Nf5+ Ke6 43. Rb7 Nc5 44. Rb6+ Kf7 45. Nd6+ Kg6 46. Ne4 Nxb3 47. Rxf6+ Kg7 48. Re6 Ra2 49. Rxe5 Rxa4 50. Kg3 Ra1 51. Rb5 Rg1+ 52. Kf4 Nc1 53. Kf5 Rd1 54. Rb7+ Kf8 55. Nf6 Nd3 56. Nd7+ Ke7 57. Ne5+ 1-0